Quick Pick: Adele Songs Quiz Stats

Quiz Updated Aug 2, 2016

Challenge
Share
Tweet
Embed
Score 0/14 Timer 01:30
0 Plays Today
% Correct
Young
95%
It
94.5%
Me
94%
Deep
93.1%
You
91.8%
Rain
89%
Boy
87.8%
% Correct
Tables
86.2%
Dark
78.8%
Stone
77.9%
Devotion
77.7%
Pavements
73.8%
Glory
66.9%
Lea
51.3%

Today's Daily Dose

Missing Word
1974 Movies A-Z

Word Ladder
The White Album

Quick Pick
Gods of War

On This Day
February 22nd II

You're not logged in!

Compare scores with friends on all Sporcle quizzes.
Sign Up with Email
OR
Log In

You Might Also Like...

Show Comments

Extras

Top Quizzes Today


Score Distribution

Your Account Isn't Verified!

In order to create a playlist on Sporcle, you need to verify the email address you used during registration. Go to your Sporcle Settings to finish the process.